| 000 | 00367nam a22001457a 4500 | ||
|---|---|---|---|
| 003 | OSt | ||
| 008 | 260219b |||||||| |||| 00| 0 eng d | ||
| 020 | _a9789395192934 | ||
| 082 | _a646.7 KIS | ||
| 100 | _aKING,Patrick | ||
| 245 | _aThe Science of Getting Started:How to Beat | ||
| 260 |
_aNew Delhi _bSrishti Publications _c2023 |
||
| 300 | _a162 | ||
| 942 |
_2ddc _cREF |
||
| 999 |
_c13835 _d13835 |
||